Scherzlieder 4 Arietten und 1 Duett op. 82 ; Ernste Lieder /
Saved in:
| Main Author: | |
|---|---|
| Other Authors: | , , |
| Format: | Audio |
| Language: | German |
| Published: |
Berlin :
Berlin Classics,
[1993]
|
| Subjects: | |
| Tags: |
Add Tag
No Tags, Be the first to tag this record!
|
| LEADER | 02542njm a2200385Ia 4500 | ||
|---|---|---|---|
| 001 | 008564113-8 | ||
| 005 | 20020606104010.5 | ||
| 008 | 010209r19931971gw sgnn df | ger d | ||
| 024 | 1 | |a 8212420842 | |
| 028 | 0 | 2 | |a BC 2084-2 |b Berlin Classics |
| 033 | 2 | 0 | |a 197001-- |a 197011-- |b 6299 |c D7 |
| 035 | 0 | |a ocm33878126 | |
| 040 | |a ZQP |c ZQP |d IAI |d MH-Mu | ||
| 041 | 0 | |d geritaengfre |e geritaengfre |g gerengfre | |
| 048 | |a vd01 |a ka01 | ||
| 100 | 1 | |a Beethoven, Ludwig van, |d 1770-1827. | |
| 240 | 1 | 0 | |a Songs. |k Selections |
| 245 | 1 | 0 | |a Scherzlieder |h [sound recording] ; |b 4 Arietten und 1 Duett op. 82 ; Ernste Lieder / |c Ludwig van Beethoven. |
| 246 | 0 | |i Title on container: |a Lieder. |n Vol. 3 = |b Songs | |
| 260 | |a Berlin : |b Berlin Classics, |c [1993] | ||
| 300 | |a 1 sound disc : |b digital ; |c 4 3/4 in. | ||
| 546 | |a Sung in German, Italian, English and French. | ||
| 511 | 0 | |a Peter Schreier, tenor ; Walter Olbertz, piano ; Adele Stolte, soprano (10th work). | |
| 518 | |a Recorded at Studio Lukaskirche, Dresden, Jan., Feb., Oct. and Nov. 1970. | ||
| 500 | |a Selections originally released 1971, 1972. | ||
| 500 | |a Compact disc. | ||
| 500 | |a Program notes in German, English and French and texts in German, Italian, English and French (19 p. : ill.) inserted in container. | ||
| 505 | 0 | |a Scherzlieder: Aus Goethes Faust : op. 75 Nr. 3 (2:25) ; Urians Reise um die Welt : op. 52 Nr. 1 (3:33) ; Trinklied : WoO 109 (1:32) ; Punschlied : WoO 111 (:46) ; Der Zufriedene : op. 75 Nr. 6 (1:11) ; Vier Arietten und ein Duett mit italienischem Text op. 82. Hoffnung (2:25) ; Liebesklage (2:34) ; L'amante impatiente (Stille Frage) (1:40) ; L'amante impatiente (Liebesungeduld) (2:08) ; Lebensgenuss (2:34) ; O care selve : WoO 119 (:58) ; La partenza : WoO 124 (1:15) ; In questa tomba oscura : WoO 133 (2:59) ; La Tiranna, canzonetta : WoO 125 (3:26) ; Que le temps me dure : WoO 116 (1:58) ; Plaisir d'aimer : WoO 128 (1:04) ; | |
| 505 | 0 | |a (Con't.) Ernste Lieder: Der Wachtelschlag : WoO 129 (3:24) ; Das Geheimnis : WoO 145 (1:22) ; An Laura : WoO 112 (2:56) ; Abendlied unterm gestirnten Himmel : WoO 150 (5:15) ; Klage : WoO 113 (2:59) ; Feuerfarb' : op. 52 Nr. 2 (3:27) ; Elegie auf den Tod eines Pudels : WoO 110 (2:25) ; So oder so : WoO 148 (1:55) ; Des Kriegers Abschied : WoO 143 (1:32) ; Der freie Mann : WoO 117 (1:47) ; Opferlied : WoO 126 (3:27). | |
| 650 | 0 | |a Songs (High voice) with piano. | |
| 700 | 1 | |a Schreier, Peter. |4 prf | |
| 700 | 1 | |a Olbertz, Walter. |4 prf | |
| 700 | 1 | |a Stolte, Adele. |4 prf | |
| 988 | |a 20020608 | ||
| 906 | |0 OCLC | ||


